000 00282nam a22001337a 4500
008 171012b xxu||||| |||| 00| 0 eng d
020 _a0395465036
041 _aeng
080 _a316
100 _a50
101 _aSOC
245 _aWORLD SOCIETES
_cMCKAY.SCH
942 _2udc
_cBK
999 _c33483
_d33483